Education of the backward and the gifted children/ (Record no. 15743)
[ view plain ]
| 000 -LEADER | |
|---|---|
| fixed length control field | 00374nam a2200133Ia 4500 |
| 008 - FIXED-LENGTH DATA ELEMENTS--GENERAL INFORMATION | |
| fixed length control field | 190923s9999||||xx |||||||||||||| ||und|| |
| 100 ## - MAIN ENTRY--AUTHOR NAME | |
| Personal name | Patel, A S |
| 245 #0 - TITLE STATEMENT | |
| Title | Education of the backward and the gifted children/ |
| 260 ## - PUBLICATION, DISTRIBUTION, ETC. (IMPRINT) | |
| Place of publication | Baroda: |
| Name of publisher | M. S. University of Baroda, |
| Year of publication | 1966 |
| 300 ## - PHYSICAL DESCRIPTION | |
| Number of Pages | 247 |
| 650 ## - SUBJECT ADDED ENTRY--TOPICAL TERM | |
| Topical Term | Education-Backward Children |
| 942 ## - ADDED ENTRY ELEMENTS (KOHA) | |
| Koha item type | Books |
| Lost status | Damaged status | Not for loan | Collection code | Permanent Location | Current Location | Shelving location | Full call number | Accession Number | Koha item type |
|---|---|---|---|---|---|---|---|---|---|
| RIE AJMER LIBRARY | RIE AJMER LIBRARY | General Stacks | 371.95 PAT-E | 19481 | Books |
